000 00864nam a22002177a 4500
005 20260504144335.0
010 _aB-778332-337 BACEN26
020 _a9780415791021
_c795.00
035 _aB-778332-337
037 _bHeritage pub.
082 _23
_a880
100 _aCarter, Ronald
245 _aThe Routledge History of Literature in English:
_bBritain and Ireland/
_cRonald Carter [and] John Mcrae
250 _a3
260 _bRoutledge
_c2025
_aOxon
270 _a2 Park Square, Milton Park, Abingdon
_bOxon
300 _axv, 605p.
_c23cm(pb)
700 _aMcrae, John
_eAuthor
_987712
942 _2ddc
_cEN
_mCAR
_h880
999 _c215139
_d215139